Geography Quiz

Random Geography or State Quiz

U.S. National Parks Quiz Stats

 Plays Quiz not verified by Sporcle

Score 0/58 Timer 10:00
0 Plays Today
State National Park % Correct
Idaho, Montana, WyomingYellowstone National Park
96.9%
CaliforniaYosemite National Park
94.7%
FloridaEverglades National Park
92.9%
MaineAcadia National Park
90.3%
South DakotaBadlands National Park
88.1%
UtahZion National Park
87.6%
ArizonaGrand Canyon National Park
87.2%
North Carolina, TennesseeGreat Smoky Mountains National Park
85.8%
ColoradoRocky Mountain National Park
85.8%
UtahArches National Park
84.5%
AlaskaDenali National Park
83.2%
MontanaGlacier National Park
82.7%
TexasBig Bend National Park
81.4%
WashingtonOlympic National Park
81.4%
CaliforniaDeath Valley National Park
78.3%
CaliforniaRedwood National and State Parks
78.3%
WyomingGrand Teton National Park
77.9%
HawaiiHawaii Volcanoes National Park
76.1%
American SamoaNational Park of American Samoa
75.7%
ArkansasHot Springs National Park
75.2%
CaliforniaJoshua Tree National Park
75.2%
CaliforniaSequoia National Park
74.3%
MichiganIsle Royale National Park
73.9%
UtahBryce Canyon National Park
73%
OregonCrater Lake National Park
73%
WashingtonMount Rainier National Park
71.7%
North DakotaTheodore Roosevelt National Park
71.7%
ArizonaPetrified Forest National Park
71.2%
U.S. Virgin IslandsVirgin Islands National Park
70.8%
State National Park % Correct
KentuckyMammoth Cave National Park
70.4%
VirginiaShenandoah National Park
69.9%
FloridaBiscayne National Park
69.5%
New MexicoCarlsbad Caverns National Park
68.6%
UtahCanyonlands National Park
67.3%
AlaskaGates of the Arctic National Park and Preserve
66.8%
FloridaDry Tortugas National Park
66.4%
AlaskaGlacier Bay National Park and Preserve
64.2%
South DakotaWind Cave National Park
64.2%
NevadaGreat Basin National Park
63.7%
OhioCuyahoga Valley National Park
62.8%
MinnesotaVoyageurs National Park
62.8%
ColoradoGreat Sand Dunes National Park and Preserve
61.5%
ColoradoMesa Verde National Park
61.1%
WashingtonNorth Cascades National Park
61.1%
ColoradoBlack Canyon of the Gunnison National Park
58.4%
CaliforniaKings Canyon National Park
58.4%
ArizonaSaguaro National Park
58%
South CarolinaCongaree National Park
57.5%
UtahCapitol Reef National Park
57.1%
CaliforniaChannel Islands National Park
56.2%
TexasGuadalupe Mountains National Park
56.2%
CaliforniaLassen Volcanic National Park
56.2%
AlaskaKenai Fjords National Park
55.8%
AlaskaKatmai National Park and Preserve
55.3%
HawaiiHaleakala National Park
54.9%
AlaskaWrangell-St. Elias National Park and Preserve
54%
AlaskaLake Clark National Park and Preserve
53.1%
AlaskaKobuk Valley National Park
47.3%

You're not logged in!

Compare scores with friends on all Sporcle quizzes.
OR
Log In

Show Comments

Extras

Top Quizzes Today


Score Distribution

Your Account Isn't Verified!

In order to create a playlist on Sporcle, you need to verify the email address you used during registration. Go to your Sporcle Settings to finish the process.

Report this User

Report this user for behavior that violates our Community Guidelines.

Details: